000 004550000a22001810004500
003 MACL
005 20160121124300.0
008 160121b xxu||||| |||| 00| 0 eng d
040 _aMACL
_cmacl
041 _aEnglish
082 _a374.22/AGR
100 _aAgrawal, Chandresh
_933546
245 _aGroup Discussions and Interviews
260 _bBhawani Publicatons
_aIndore
350 _a95
650 _aEducation
_933872
942 _cBK
_k374.22/Age
_2ddc
999 _c31920
_d31920